Hry a úkoly, než půjdu do školy : rozvíjíme dovednosti předškolních dětí / Jindřiška Ptáčková ; [ilustrace Edita Plicková]
Record details
- ISBN: 978-80-262-0100-7
- Physical Description: 62 s. : il. ; 30 cm
- Edition: Vyd. 1.
- Publisher: Praha : Portál, 2012
Search for related items by subject
| Subject: | děti předškolního věku rozvoj myšlení didaktické hry preschool children development of thought educational games |
| Genre: | metodické příručky pracovní sešity methodological manuals activity books |
Available copies
- 1 of 1 copy available at Common Catalog SPOK.
Holds
- 0 current holds with 1 total copy.
Show Only Available Copies
| Location | Call Number / Copy Notes | Barcode | Shelving Location | Status | Due Date |
|---|---|---|---|---|---|
| Jabok Library | Ped-3.5.1.2/P | 424480042585 | Odborná literatura | Available | - |
| LDR | 01539nam a2200433 a 4500 | ||
|---|---|---|---|
| 001 | 45750 | ||
| 003 | CZ-PrJAB | ||
| 005 | 20200205135904.0 | ||
| 007 | ta | ||
| 008 | 120203s2012 xr a e f 000 0 cze | ||
| 015 | . | ‡acnb002258320 | |
| 020 | . | ‡a978-80-262-0100-7 ‡q(brož.) | |
| 035 | . | ‡a(CZ PrNK)nkc20112258320 | |
| 035 | . | ‡a(OCoLC)796016342 | |
| 040 | . | ‡aABA001 ‡bcze ‡dBOA001 | |
| 072 | 7. | ‡a373.2/.3 ‡xPředškolní a primární výchova a vzdělávání ‡2Konspekt ‡922 | |
| 080 | . | ‡a316.346.32-053.4 ‡2MRF | |
| 080 | . | ‡a159.955 ‡2MRF | |
| 080 | . | ‡a37.091.33 ‡2MRF | |
| 080 | . | ‡a(072) ‡2MRF | |
| 080 | . | ‡a(076.1) ‡2MRF | |
| 100 | 1 | . | ‡aPtáčková, Jindřiška, ‡d1943- ‡7jn19990209702 ‡4aut |
| 245 | 1 | 0. | ‡aHry a úkoly, než půjdu do školy : ‡brozvíjíme dovednosti předškolních dětí / ‡cJindřiška Ptáčková ; [ilustrace Edita Plicková] |
| 250 | . | ‡aVyd. 1. | |
| 260 | . | ‡aPraha : ‡bPortál, ‡c2012 | |
| 300 | . | ‡a62 s. : ‡bil. ; ‡c30 cm | |
| 650 | 0 | 7. | ‡aděti předškolního věku ‡7ph119710 ‡2czenas |
| 650 | 0 | 7. | ‡arozvoj myšlení ‡7ph135316 ‡2czenas |
| 650 | 0 | 7. | ‡adidaktické hry ‡7ph119432 ‡2czenas |
| 650 | 0 | 9. | ‡apreschool children ‡2eczenas |
| 650 | 0 | 9. | ‡adevelopment of thought ‡2eczenas |
| 650 | 0 | 9. | ‡aeducational games ‡2eczenas |
| 655 | 7. | ‡ametodické příručky ‡7fd132826 ‡2czenas | |
| 655 | 7. | ‡apracovní sešity ‡7fd133116 ‡2czenas | |
| 655 | 9. | ‡amethodological manuals ‡2eczenas | |
| 655 | 9. | ‡aactivity books ‡2eczenas | |
| 700 | 1 | . | ‡aPlicková, Edita, ‡d1940- ‡7jk01093465 ‡4ill |
| 910 | . | ‡aABG312 | |
| 995 | . | ‡aska | |
| 901 | . | ‡a45750 ‡bCZ-PrJAB ‡c45750 ‡tbiblio | |